000 00715nam a2200289Ia 4500
005 20260324113036.0
008 008 260324s9999 xx 000 0 eng d
020 _a9781003468257
037 _aEBOOK
040 _aCRL
040 _beng
040 _cCRL
041 _2eng
041 _aeng
084 _qCRL
100 _aSaravanan Krishnan; A.Jose Anand; Raghvendra Kumar
_91145183
245 0 _aSustainable Development Goals
245 0 _bTechnologies and Opportunities
260 _bTaylor and Francis
260 _c2024
365 _a
365 _b290
856 _uhttp://www.taylorfrancis.com/books/9781003468257
942 _cEBOOK
999 _c1734625
_d1734625